MTCP 2016 : Action plan :

Bibliographic Details
Corporate Author: Institut Penilaian Negara
Format: Video
Language:Malay
Published: Kajang : Institut Penilaian Negara 2016
Subjects:

MARC

LEADER 00000cam a2200000 7i4500
001 0000027571
005 20170919.0
006 k v
007 v c
008 170919 my a may
040 |a INS   |b eng   |e rda 
090 0 0 |a VCD 2467 2016 
245 1 0 |a MTCP 2016 :   |b Action plan :   |b 18/8/2016 
264 1 |a Kajang :   |b Institut Penilaian Negara   |c 2016 
300 |a 2 video disc (2 hours 37 minutes ) :   |b color, sound ;   |c 4 3/4 in. 
336 |a two-dimensional moving image  |2 rdacontent 
337 |a video  |2 rdamedia 
338 |a videodisc  |2 rdacarrier 
346 |a VCD   |b PAL  |2 rda 
500 |a Includes two video disc 
650 0 |a Malaysian Technical Cooperation Programme 
710 1 |a Institut Penilaian Negara 
999 |a VCD0002506   |b VIDEO CD   |c Media Collection   |e Default branch 
999 |a VCD0002507   |b VIDEO CD   |c Media Collection   |e Default branch